Arsenals 3 lions - Statistics

General Stats
  • This quiz has been taken 60 times
  • The average score is 18 of 44
Answer Stats
Answer % Correct
1987-2001(66 caps) Tony Adams
96%
1989-2003(73) David Seaman
84%
1992-2002(43) Martin Keown
84%
2006-17(47) Theo Walcott
82%
1991-99(33) Ian Wright
80%
1990-99(22) Lee Dixon
80%
2011-17(34) Jack Wilshere
76%
1990-93(2) Nigel Winterburn
75%
2001-2015(107) Ashley Cole
71%
1996-2008(73) Sol Campbell
71%
1999-2001(10) Ray Parlour
69%
1994(1) Steve Bould
69%
2011-17(34) Danny Welbeck
61%
1992-99(21) Paul Merson
61%
1989-92(13) Alan Smith
57%
2012-17(25) Alex Oxlade-Chamberlain
55%
1990-96(62) David Platt
55%
2010-17(10) Kieran Gibbs
53%
1979-88(86) Kenny Sansom
51%
2003(1) FrancisJeffers
47%
2013(1) Carl Jenkinson
45%
1989-92(14) David Rocastle
43%
200-02(2) Richard Wright
41%
2015(1) Callum Chambers
39%
1980(1) Alan Sunderland
27%
1989-90(2) Michael Thomas
27%
1965-75(72) Alan Ball
25%
1979-1988(30) Viv Anderson
25%
1977-80(6) Brian Talbot
24%
1969-72(2) John Radford
22%
1981-84(17) Graham Rix
20%
1977-85(35) Paul Mariner
20%
1977-86(42) Tony Woodcock
20%
1969(4) Bob Mcnab
18%
1971-73(19) Peter Storey
12%
1989(1) Brian Marwood
10%
1963-66(19) George Eastham
10%
1960-66(8) Joe Baker
8%
1973 (1) Jeff Blockley
4%
1976(1) Jimmy Rimmer
4%
1951(2) Leslie Compton
4%
1952(1) Arthur Milton
2%
1959(1) Danny Clapton
2%
1947-49(17) Laurie Scott
2%
No matching quizzes found
Score Distribution
Percent of People with Each Score
Percentile by Number Answered
Your Score History
You have not taken this quiz